header

Human resource management, employee relations and the labour market (Record no. 65071)

MARC details
000 -LEADER
fixed length control field 01196nam a2200301Ia 4500
245 00 - TITLE STATEMENT
Title Human resource management, employee relations and the labour market
260 ## - PUBLICATION, DISTRIBUTION, ETC. (IMPRINT)
Place of publication Bradford, England :
Name of publisher Emerald Group Publishing,
Year of publication c2002.
300 ## - PHYSICAL DESCRIPTION
Number of Pages 110 p.
490 0# - SERIES STATEMENT
Series statement Employee relations ;
650 #0 - SUBJECT ADDED ENTRY--TOPICAL TERM
Topical Term Labor market.
Topical Term Personnel management.
700 1# - ADDED ENTRY--PERSONAL NAME
Personal name Gunnigle, Patrick.
Personal name Kelly, James.
Personal name Morley, Michael.
856 40 - ELECTRONIC LOCATION AND ACCESS
Uniform Resource Identifier http://site.ebrary.com/lib/rucke/Doc?id=10052831

No items available.

© 2026 Rongo University
Contact us: librarian | system librarian | Rongo university